000 01386cam a2200385 i 4500
001 sjds160007
003 sjds
005 20160925170815.0
008 150109s2016 nyua j b 001 0 eng
010 _a 2014048193
020 _a9781499407518 (pbk. book)
020 _a9781499407495 (6 pack)
020 _a9781499406832 (library bound)
040 _aDLC
_beng
_erda
_csjds
041 _aspa
_aeng
_heng
042 _apcc
050 0 0 _aHG221.5
_b.H26 2016
082 0 0 _a332.4/043
_223
100 1 _aHamilton, Robert M.,
_d1987-
245 1 0 _aDiez centavos = Dimes
_cRobert M. Hamilton.
250 _aFirst Edition
260 _aNew York :
_bPowerKids Press,
_c[2016].
264 1 _aNew York :
_bPowerKids Press,
_c[2016].
300 _a24 pages :
_bcolor illustrations ;
_c19 cm.
336 _atext
_2rdacontent
337 _aunmediated
_2rdamedia
338 _avolume
_2rdacarrier
490 0 _aCoins and money = Monedas y billetes
504 _aIncludes bibliographical references (pages 24) and index.
505 0 _aDimes are coins -- How many cents? -- The smallest coin -- What's on the dime? -- Buying with dimes -- Words to know -- Index -- Websites.
650 0 _aMoney
_vJuvenile literature.
650 0 _aCoins
_vJuvenile literature.
942 _2ddc
_cBK
999 _c16252
_d16252